Rizikové faktory v technologických systémoch z hľadiska životného prostredia
Vznik odpadov ako neželateľných vedľajších produktov pri vzniku finálneho výrobku. Na Slovensku medziročne klesla produkcia odpadov od roku 1990, situácia na území SR v tejto oblasti je nepriaznivá. Zámerom vo využívaní odpadov je ich premena na druhotné suroviny. Potenciálne problémy a neistotu pre...
Salvato in:
| Autore principale: | |
|---|---|
| Natura: | Capitolo di libro |
| Lingua: | slovacco |
| Soggetti: | |
| Tags: |
Nessun Tag, puoi essere il primo ad aggiungerne!!
|
MARC
| LEADER | 00000naa$a2200000$$$4500 | ||
|---|---|---|---|
| 001 | 0018781 | ||
| 005 | 20230714114240.9 | ||
| 041 | 0 | |a slo | |
| 044 | |a SK | ||
| 245 | 1 | 0 | |a Rizikové faktory v technologických systémoch z hľadiska životného prostredia |c Pavol Záhorák |
| 520 | |a Vznik odpadov ako neželateľných vedľajších produktov pri vzniku finálneho výrobku. Na Slovensku medziročne klesla produkcia odpadov od roku 1990, situácia na území SR v tejto oblasti je nepriaznivá. Zámerom vo využívaní odpadov je ich premena na druhotné suroviny. Potenciálne problémy a neistotu predstavuje zvyšujúce sa znečisťovanie emisiami toxických látok. Nutnou podmienkou pre zavedenie ďalších technologicky inovovaných výrob, ktoré zohľadňujú podmienky životného prostredia je zmena otvoreného materiálového a energetického toku na uzatvorený. Pri takomto postupe sa nežiaduce produkty z výrobného procesu ohrozujúce životné prostredie vracajú späť do výroby. | ||
| 610 | 2 | 0 | |a proces výrobný |
| 610 | 2 | 0 | |a odpad výrobný |
| 610 | 2 | 0 | |a využitie odpadu |
| 610 | 2 | 0 | |a prostredie životné |
| 610 | 2 | 0 | |a emisie |
| 610 | 2 | 0 | |a bezpečnosť environmentálna |
| 610 | 2 | 0 | |a likvidácia odpadu |
| 100 | 1 | |a Záhorák, Pavol | |